[Event "Olympiad-40"]
[Site "Istanbul"]
[Date "2012.09.05"]
[Round "8.4"]
[White "Abdulla, Omar"]
[Black "Magana, Ben"]
[Result "0-1"]
[WhiteElo "2019"]
[BlackElo "2032"]
[PlyCount "124"]
[EventDate "2012.08.28"]
[EventType "team-swiss"]
[EventRounds "11"]
[EventCountry "TUR"]
[SourceTitle "CBM 151"]
[Source "ChessBase"]
[SourceDate "2012.11.13"]
[SourceVersion "1"]
[SourceVersionDate "2012.11.13"]
[SourceQuality "1"]
[WhiteTeam "Yemen"]
[BlackTeam "Kenya"]
[WhiteTeamCountry "YEM"]
[BlackTeamCountry "KEN"]

1. d4 d5 2. Nf3 Nf6 3. Bf4 c5 4. e3 Nc6 5. h3 Qb6 6. b3 Bf5 7. a3 cxd4 8. exd4 e6 9. Be2 Be4 10. Be3 Bd6 11. 0-0 0-0 12. Nbd2 Rac8 13. c4 Bb8 14. Re1 Rfd8 15. c5 Qc7 16. Nf1 e5 17. b4 a5 18. b5 Bxf3 19. bxc6 Bxe2 20. Rxe2 Qxc6 21. Rb1 Ne4 22. Rb6 Qc7 23. Reb2 exd4 24. Rxb7 Qxc5 25. Bxd4 Qxa3 26. g3 Bd6 27. Qh5 Rf8 28. Qxd5 Nf6 29. Qg5 Ne8 30. Re2 Qd3 31. Qg4 Rc4 32. Rxe8 Qxd4 33. Qd7 Qf6 34. Rxf8+ Bxf8 35. Rb8 Rc2 36. Nd2 Rc1+ 37. Nf1 g6 38. Qa4 Rc5 39. Ne3 Kg7 40. Ng4 Rc1+ 41. Kg2 Qc6+ 42. Qxc6 Rxc6 43. Ne5 Re6 44. f4 Bd6 45. Rb5 Bxe5 46. fxe5 Ra6 47. Kf3 a4 48. Rb2 a3 49. Ra2 Ra4 50. Ke3 Kf8 51. Kd3 Ke7 52. Kc2 Ke6 53. Kb3 Ra5 54. g4 Rxe5 55. Rh2 Re3+ 56. Ka2 Ke5 57. h4 Kf4 58. g5 Kg4 59. Rh1 Rh3 60. Rf1 Kxh4 61. Rxf7 Kxg5 62. Ka1 h5 0-1

[Event "Asia-chT 17th"]
[Site "Zaozhuang"]
[Date "2012.05.25"]
[Round "8.4"]
[White "Mohammed, Zozek Salah Mohamme"]
[Black "Abdulla, Omar"]
[Result "1-0"]
[WhiteElo "2268"]
[BlackElo "2035"]
[PlyCount "71"]
[EventDate "2012.05.17"]
[EventType "team-swiss"]
[EventRounds "9"]
[EventCountry "CHN"]
[SourceTitle "CBM 148 Extra"]
[Source "ChessBase"]
[SourceDate "2012.06.22"]
[SourceVersion "1"]
[SourceVersionDate "2012.06.22"]
[SourceQuality "1"]
[WhiteTeam "Iraq"]
[BlackTeam "Yemen"]
[WhiteTeamCountry "IRQ"]
[BlackTeamCountry "YEM"]

1. d4 Nf6 2. c4 d5 3. Nc3 e6 4. Nf3 c5 5. cxd5 exd5 6. g3 Be7 7. Bg2 0-0 8. 0-0 c4 9. b3 cxb3 10. Qxb3 Nc6 11. Bg5 Na5 12. Qb5 a6 13. Qd3 Re8 14. Ne5 Be6 15. Rab1 h6 16. Bd2 Rb8 17. f4 b5 18. f5 Bc8 19. Nxd5 Nxd5 20. Bxa5 Qd6 21. Rfc1 Bb7 22. e4 Bg5 23. Re1 Ne3 24. Rxe3 Bxe3+ 25. Qxe3 f6 26. Ng6 Rbc8 27. Bb4 Qc7 28. Bc5 Kh7 29. Nf4 Bc6 30. Ne6 Qb7 31. Rd1 a5 32. Qf4 b4 33. Qg4 a4 34. d5 b3 35. dxc6 Rxc6 36. Qg6+ 1-0